| 000 | 00443cam a2200145 4500500 | ||
|---|---|---|---|
| 005 | 20251012023112.0 | ||
| 041 | _afre | ||
| 042 | _adc | ||
| 100 | 1 | 0 |
_aBarlag, Lydia _eauthor |
| 245 | 0 | 0 | _aMlle A. Do. ou l’attachement insécure |
| 260 | _c2005. | ||
| 500 | _a74 | ||
| 786 | 0 | _nPsy Cause | º42 | 4 | 2005-12-01 | p. 31-34 | 1245-2394 | |
| 856 | 4 | 1 | _uhttps://shs.cairn.info/revue-psy-cause-2005-4-page-31?lang=fr&redirect-ssocas=7080 |
| 999 |
_c1541216 _d1541216 |
||